000 00750nam a22002657a 4500
001 0011406
003 DO-SdBNP
005 20171110132526.0
007 0011406
008 160915b 2007 pe||||| |||| 00| 0 spa d
020 _a9972209326
040 _aBPMSU
_bspa
_cBPMSU
082 4 _a746.44
_bG748L
092 _a
_b
245 0 3 _aEl gran libro del punto de cruz
260 _aLima, Perú :
_bLexus,
_c2007.
300 _a360 p. :
_bil.,
_c27 cm.
501 _aLa más completa recopilación de diseños para tu labor preferida
650 4 _aPUNTO DE CRUZ
650 4 _aBORDADO
910 _aValidado. Control de calidad MFF
942 _2ddc
_cBK
945 _aInventariado extranjero / 2017 VM
956 _aBTAVÁREZ
_b10
_c20160915
_d0011406
999 _c11400
_d11400